Common insects of India (Record no. 46759)

MARC details
000 -LEADER
fixed length control field 00343nam a22001337a 4500
003 - CONTROL NUMBER IDENTIFIER
control field OSt
008 - FIXED-LENGTH DATA ELEMENTS--GENERAL INFORMATION
fixed length control field 241028b |||||||| |||| 00| 0 eng d
082 ## - DEWEY DECIMAL CLASSIFICATION NUMBER
Classification number 595.7
Item number K80C
100 ## - MAIN ENTRY--PERSONAL NAME
Personal name Kalyanam, N. P.
245 ## - TITLE STATEMENT
Title Common insects of India
300 ## - PHYSICAL DESCRIPTION
Extent 136 p.
650 ## - SUBJECT ADDED ENTRY--TOPICAL TERM
Topical term or geographic name as entry element Pure Sciences | Zoological sciences | India | Insects
942 ## - ADDED ENTRY ELEMENTS (KOHA)
Source of classification or shelving scheme
Koha item type Books
Holdings
Withdrawn status Lost status Source of classification or shelving scheme Damaged status Not for loan Home library Current library Shelving location Date acquired Total Checkouts Full call number Barcode Date last seen Bill Date Koha item type
          Dr. Rajendra Prasad Central Agricultural University Pusa, Tirhut College of Agriculture General Stacks 28/10/2024   595.7 K80C 4807-TCA 28/10/2024 28/10/2024 Books
          Dr. Rajendra Prasad Central Agricultural University Pusa, Tirhut College of Agriculture General Stacks 28/10/2024   595.7 K80C 4804-TCA 28/10/2024 28/10/2024 Books
Hosted, Implemented, Customized & Maintained by: BestBookBuddies

Powered by Koha